000 02315cam a2200217 4500500
005 20260412000357.0
041 _afre
042 _adc
100 1 0 _aNiang, Ndèye Ndak
_eauthor
245 0 0 _aLes institutions supérieures de contrôle des finances publiques (ISC) sont-elles prêtes à contribuer efficacement à l’atteinte des objectifs de développement durable (ODD) d’ici 2030 ?
260 _c2026.
500 _a20
520 _aLa communauté internationale s’est engagée à mettre en œuvre le Programme 2030 afin d’atteindre les 17 Objectifs de développement durable (ODD) et leurs 169 cibles, appuyés par près de 240 indicateurs. Ces objectifs couvrent l’ensemble des dimensions du développement durable : climat, biodiversité, énergie, eau, lutte contre la pauvreté, égalité des sexes, croissance économique, paix, agriculture, éducation et santé. À l’approche de l’échéance de 2030, ces engagements doivent être pleinement intégrés aux politiques publiques et aux responsabilités institutionnelles. Cela suppose des réformes des cadres organisationnels aux niveaux national et international pour favoriser une croissance inclusive, l’équité et la durabilité environnementale. Les institutions supérieures de contrôle des finances publiques (ISC) jouent un rôle clé pour garantir la transparence, la bonne gouvernance et la redevabilité dans la mise en œuvre des ODD, notamment au Sénégal. Toutefois, de nombreuses ISC africaines restent confrontées à des défis majeurs : indépendance limitée, cadres juridiques inadaptés, ressources insuffisantes, déficit de formation en audit et faible évaluation des politiques liées aux ODD. L’accélération des réformes est donc essentielle pour renforcer la coordination institutionnelle, consolider la résilience des institutions et lutter efficacement contre la corruption.
690 _adéveloppement durable
690 _ainstitution supérieure de contrôle des finances publiques (ISC)
690 _aINTOSAI
690 _aODD
690 _aODD 16
786 0 _nGestion & Finances Publiques | Javier - Février | 1 | 2026-03-17 | p. 49-61 | 1969-1009
856 4 1 _uhttps://droit.cairn.info/revue-gestion-finances-publiques-2026-1-page-49?lang=fr&redirect-ssocas=7080
999 _c2209804
_d2209804